Normal view
MARC view
- Conrado R.
Entry Personal Name
001 - CONTROL NUMBER
- control field: 10407
003 - CONTROL NUMBER IDENTIFIER
- control field: IT-RoPau
005 - DATE AND TIME OF LATEST TRANSACTION
- control field: 20140123124216.0
008 - FIXED-LENGTH DATA ELEMENTS
- fixed length control field: 140123|| aca||aabn | a|a d
040 ## - CATALOGING SOURCE
- Original cataloging agency: IT-RoPau
- Transcribing agency: IT-RoPau
100 ## - HEADING--PERSONAL NAME
- Personal name: Conrado R.
- Miscellaneous information: Codice autore testo/musica SPICS: 27437
- Relator term: Autore testo/musica
- Name of part/section of a work: Er gigante de casa - Amore amore, amore amore - Tu padre cò tu madre
670 ## - SOURCE DATA FOUND
- Source citation: Work cat.: (IT-RoPau)100096: AA.VV. 794, Semo gente de borgata